Narakāṃ de dewate. (Record no. 65817)

MARC details
000 -LEADER
fixed length control field 00482cam a22002051 4500
001 - CONTROL NUMBER
control field sa 65008723
003 - CONTROL NUMBER IDENTIFIER
control field DLC
005 - DATE AND TIME OF LATEST TRANSACTION
control field 20260227112157.0
008 - FIXED-LENGTH DATA ELEMENTS--GENERAL INFORMATION
fixed length control field 890629s1965 ii 000 0 pano
010 ## - LIBRARY OF CONGRESS CONTROL NUMBER
LC control number sa 65008723
035 ## - SYSTEM CONTROL NUMBER
System control number (OCoLC)19947887
040 ## - CATALOGING SOURCE
Original cataloging agency DLC
Transcribing agency WaU
Modifying agency DLC
042 ## - AUTHENTICATION CODE
Authentication code premarc
050 00 - LIBRARY OF CONGRESS CALL NUMBER
Classification number PK2659.S587
Item number N3
100 1# - MAIN ENTRY--PERSONAL NAME
Personal name Singh, Sujan,
Dates associated with a name 1909-
245 10 - TITLE STATEMENT
Title Narakāṃ de dewate.
260 ## - PUBLICATION, DISTRIBUTION, ETC.
Date of publication, distribution, etc. [1965]
300 ## - PHYSICAL DESCRIPTION
Extent 157 p.
Dimensions 19 cm.
500 ## - GENERAL NOTE
General note In Panjabi.

No items available.

Powered by Koha